000 00588nam a2200217Ia 4500
003 OSt
005 20220926042748.0
006 a|||||r|||| 00| 0
007 ta
008 220923b |||||||| |||| 00| 0 eng d
037 _cGeneral Book
040 _aRTL
_cRTL
_beng
041 _2eng
_aeng
082 _aX76p1,N62, K3
100 _aSchaller H G Ed.
_9346701
245 0 _aPublic expenditure dicisions in the urban communit
260 _c1963
650 _aExpenditure
_9236431
942 _hX76p1,N62, K3
_cGB
_2CC
999 _c670507
_d670507